01226cam a22003375i 4500999001700000001001000017003000300027005001700030008004100047015001900088016001800107020001800125020001500143040004000158082002000198100002000218245009700238264006100335300004600396336002100442337002500463338002300488490003800511650004800549650004000597653002500637700004000662700003700702942001200739952013700751 c27118d27090015724112Uk20190213102614.0101220s2001 nyua fr 001 0 eng|d aGBB1038792bnb7 a0157241122Uk a9783540416074 a3540416072 aStDuBDSbengcStDuBDSdUkdEG-ScBUE04a532.05222bLOM1 aLomax, Harvard.10aFundamentals of computational fluid dynamics /cH. Lomax, Thomas H. Pulliam, David W. Zingg. 1aNew York :bSpringer-Verlage Berlin Heidelberg,cc.2001. axiv, 249 pages :billustrations ;c24 cm. atext2rdacontent aunmediated2rdamedia avolume2rdacarrier0 aScientific computationx1434-8322 7aComputational fluid dynamics.2BUEsh934924 7aHydraulic engineering.2BUEsh99295 bENGMECcFebruary20191 aPulliam, T. H.q(Thomas H.),d1951-1 aZingg, D. W.q(David W.),d1958- 2ddccBB 00102ddc4070aMAINbMAINc1STd2019-02-11ePurchaseg294.00h53229l0o532.05 LOMp000044200r2025-07-15 00:00:00w2019-02-11yBB